000 00593nmm a2200205Ia 4500
008 251105s9999||||xx |||||||||||||||||und||
020 _a9789871432356
041 _aspa
100 _aSbarato, Darío
245 0 _aPolíticas e Instrumentos Ambientales
264 _a[Buenos Aires, Argentina] :
_bEditorial Brujas,
_c2016
300 _a108 páginas
490 _aSalud Ambiental
650 _aEnvironmental Sciences
700 _aSbarato, Darío
700 1 _a Sbarato, Viviana
700 1 _a Ortega, José
856 _uhttps://public.digitaliapublishing.com/a/44348
942 _cCF
999 _c71220
_d71220